Estatísticas para Municípios do Vale do Ribeira (SP) em um Mapa

Clique aqui para jogar o quiz

Estatísticas Gerais

  • Esse quiz foi jogado 49 vezes
  • A pontuação média é 15 de 23

Respostas no mapa

Respostas codificadas por cores de uma escala verde-vermelha no mapa do quiz de acordo com a % correta abaixo.
 

Estatísticas das Respostas

Resposta% Correto
Registro
96%
Iguape
93%
Cananéia
89%
Ilha Comprida
86%
Cajati
79%
Eldorado
75%
Pedro de Toledo
75%
Juquiá
68%
Pariquera-Açu
68%
Miracatu
64%
Barra do Turvo
61%
Itariri
61%
Juquitiba
61%
Apiaí
57%
Ribeira
57%
Sete Barras
57%
Jacupiranga
54%
São Lourenço da Serra
54%
Barra do Chapeu
50%
Iporanga
43%
Itapirapuã Paulista
43%
Itaoca
39%
Tapiraí
36%

Distribuição das Pontuações

Percentil de Números Respondidos

Porcentagem de Pessoas com Cada Pontuação

Sua Pontuação Histórica

Você não jogou esse quiz